000
00338nam a22001457a 4500
003
OSt
008
250514b |||||||| |||| 00| 0 eng d
100
_a
MUKOUPADAYE, Devendernath
245
_a
Virjananand charit
250
_a
21th
260
_a
New Delhi
_b
Arya Prakashan
_c
2021
300
_a
160
650
_a
General
942
_2
ddc
_c
BK
999
_c
13579
_d
13579